Alle deutschen Olympiasieger des 21. Jahrhunderts - Statistiken

Allgemein
  • Dieses Quiz wurde 260 mal gespielt
    221 seit der letzten Aktualisierung
  • Das Durchschnittsergebnis liegt bei 13 aus 42
Antwortstatistiken
Jahr: Ort Sportart Disziplin Name % Korrekt
2021: Tokio Tennis Herreneinzel Alexander Zverev
86%
2016: Rio de Janeiro Turnen Reck Fabian Hambüchen
81%
2021: Tokio Leichtathletik Weitsprung (F) Malaika Mihambo
78%
2012: London Leichtathletik Diskuswurf (M) Robert Harting
73%
2016: Rio de Janeiro Leichtathletik Diskuswurf (M) Christoph Harting
72%
2008: Peking Gewichtheben über 105 kg (M) Matthias Steiner
62%
2021: Tokio Schwimmen 10 km Freiwasser (M) Florian Wellbrock
58%
2000: Sydney Radsport Straßenrennen (M) Jan Ullrich
54%
2008: Peking Schwimmen 50 m Freistil (F) Britta Steffen
49%
2008: Peking Schwimmen 100 m Freistil (F) Britta Steffen
49%
2008: Peking Triathlon (M) Jan Frodeno
49%
2016: Rio de Janeiro Radsport Bahn Sprint (F) Kristina Vogel
45%
2008: Peking Fechten Degen (F) Britta Heidemann
43%
2012: London Reiten Vielseitigkeit Michael Jung
39%
2016: Rio de Janeiro Reiten Vielseitigkeit Michael Jung
39%
2000: Sydney Leichtathletik Weitsprung (F) Heike Drechsler
37%
2000: Sydney Leichtathletik 800 m (M) Nils Schumann
36%
2021: Tokio Reiten Dressur Jessica von Bredow-Werndl
35%
2021: Tokio Kanu K1 Slalom (F) Ricarda Funk
34%
2016: Rio de Janeiro Leichtathletik Speerwurf (M) Thomas Röhler
34%
2004: Athen Schießen Schnellfeuerpistole (M) Ralf Schumann
32%
2012: London Kanu C1 1000 m Sebastian Brendel
28%
2016: Rio de Janeiro Kanu C1 1000 m Sebastian Brendel
28%
2021: Tokio Ringen Freistil Schwergewicht bis 76 kg (F) Aline Rotter-Focken
25%
2008: Peking Radsport Mountainbike (F) Sabine Spitz
22%
2016: Rio de Janeiro Schießen Schnellfeuerpistole 25 m Christian Reitz
19%
2008: Peking Moderner Fünfkampf (F) Lena Schöneborn
17%
2008: Peking Judo 81 kg (M) Ole Bischof
16%
2021: Tokio Reiten Vielseitigkeit Julia Krajewski
14%
2000: Sydney Radsport 4000 m Einzelverfolgung (M) Robert Bartko
9%
2000: Sydney Kanu K1 Slalom (M) Thomas Schmidt
9%
2008: Peking Fechten Florett (M) Benjamin Kleibrink
8%
2000: Sydney Kanu C1 1000 m Andreas Dittmer
7%
2004: Athen Kanu C1 500 m Andreas Dittmer
7%
2016: Rio de Janeiro Schießen Kleinkaliber Dreistellungskampf 50 m (F) Barbara Engleder
7%
2004: Athen Turnen Trampolin (F) Anna Dogonadze
6%
2016: Rio de Janeiro Schießen Kleinkaliber liegend 50 m Henri Junghänel
6%
2004: Athen Rudern Einer (F) Katrin Rutschow-Stomporowski
6%
2008: Peking Reiten Vielseitigkeit Hinrich Romeike
5%
2004: Athen Judo 57 kg (F) Yvonne Bönisch
3%
2008: Peking Kanu K1 Slalom (M) Alexander Grimm
2%
2004: Athen Schießen Laufende Scheibe (M) Manfred Kurzer
1%
Keine übereinstimmenden Quizze gefunden
Verteilung der Resultate
Anzahl Personen mit jedem Resultat
Perzentil nach korrekt beantworteten Fragen
Ihre Resultats-Entwicklung
Sie haben dieses Quiz seit der letzten Aktualisierung nicht gespielt